Correlación entre el liceo y la universidad

Gespeichert in:
Bibliographische Detailangaben
1. Verfasser: Salas S., Irma (VerfasserIn)
Weitere Verfasser: Orellana Bravo, Egidio (autor)
Format: Buch
Sprache:Spanisch
Veröffentlicht: Santiago Universitaria 1960
Ausgabe:2a. ed
Schlagworte:
Tags: Tag hinzufügen
Keine Tags, Fügen Sie den ersten Tag hinzu!

MARC

LEADER 00000nam a2200000 a 4500
001 UCS3062
003 CL-VaPUC
008 970613e19600000CL |||||||||||||||||spa|d
082 0 4 |a 378.17  |b SAL  |2 21 
100 0 |a Salas S., Irma  |e author  |9 389037 
700 |a Orellana Bravo, Egidio  |e autor  |9 334954 
245 1 0 |a Correlación entre el liceo y la universidad 
250 |a 2a. ed 
300 |a 134 p 
942 |c BK 
945 |d 19970613 00:00:00  |a lriquelm 
260 |a Santiago  |b Universitaria  |c 1960 
650 0 |a Educación superior   |9 223851 
650 0 |a Métodos de enseñanza  |9 270413 
650 0 |a Métodos de estudio  |9 260518 
650 7 |a DISCIPLINAS CIENTIFICAS  |2 CL-VaPUC  |9 373705 
650 0 |a Métodos de investigación   |9 262618 
583 |a last modification  |c 20170606 01:14:38  |k Rodrigo Vera 
999 |c 260911  |d 260909 
952 |0 0  |1 0  |4 0  |6 378_170000000000000_SAL_1960  |7 0  |8 P  |9 287534  |a BIBDER  |b BIBDER  |d 2019-11-19  |i 1866087  |o 378.17 SAL 1960  |p 1866087  |r 2023-01-25  |w 2019-11-19  |y BK  |k DER